| 000 | 00763nam a2200253Ia 4500 | ||
|---|---|---|---|
| 003 | OSt | ||
| 005 | 20220925232126.0 | ||
| 006 | a|||||r|||| 00| 0 | ||
| 007 | ta | ||
| 008 | 220923b |||||||| |||| 00| 0 eng d | ||
| 037 | _cGeneral Book | ||
| 040 |
_aRTL _cRTL _beng |
||
| 041 |
_2eng _aeng |
||
| 082 | _aV6593:51.N6, K9 | ||
| 100 | _aDavidson Basil | ||
| 245 | 0 |
_aThe Liberation of Guine _b Aspects of an African revolution |
|
| 260 |
_aMiddlesex _bPenguin Books UK _c1969 |
||
| 300 |
_a167p. _ccm. |
||
| 490 | _aPenguin African Library AP27 Edi.by Ronald Segal | ||
| 500 | _aBibliography: p.163-167 | ||
| 650 |
_aAfrica History _920294 |
||
| 942 |
_hV6593:51.N6, K9 _cGB _2CC |
||
| 999 |
_c590396 _d590396 |
||